|
|
|
|
| LEADER |
00000cam a2200000 7i4500 |
| 001 |
0000141799 |
| 005 |
20101007.0 |
| 020 |
|
|
|a 9789889788360
|
| 020 |
|
|
|a 9889788365
|
| 090 |
0 |
0 |
|a 728.099512
|b TOP
|
| 245 |
0 |
0 |
|a Top houses
|c edited by, Hong Kong Scientific Message Limited
|
| 260 |
|
|
|a Hong Kong :
|b Scientific Message Limited ,
|c 2009
|
| 300 |
|
|
|a 288p. ;
|c 29cm.
|
| 650 |
0 |
0 |
|a Architecture, Domestic
|z China
|z Hong Kong
|
| 650 |
0 |
0 |
|a Architecture, Domestic
|z Hong Kong (China)
|x Pictorial works
|
| 710 |
1 |
|
|a Scientific Message Limited
|
| 999 |
|
|
|a 00240678
|b BUKU
|c RUJUKAN
|e PERPUSTAKAAN KOMUNITI PETALING JAYA
|